000 01008nam a2200253Ia 4500
005 20170704105715.0
010 _aBAC-EN21 ENG-111829
020 _a9789332528604
_c425.00
035 _aEN-95361
035 _aB-590284-318
035 _aB-668070
037 _bTechniz/Ven
_adpl
037 _bDBAD/PUB
082 _a547.0076
100 _aChoudhary, Akshay
245 _aAdvanced problems in organic chemistry for competitive examinations /
_cby Akshay Choudhary [and] Mandakini Choudhary
260 _c2014
_aNew Delhi
_bPearson India
270 _a11 Community Centre, Panchsheel Park
_bNew Delhi
_e110017
300 _c24cm(pbk)
_avarious pagings :
_bill.
700 _aChoudhary, Mandakini
942 _cEN
_2ddc
_mCHO
_h547.0076
999 _c88197
_d88197